00477nam a2200145Ia 4500008004100000041000800041082001200049100002000061245002000081260003800101300003000139365001100169999001700180952013400197240624s9999 xx 000 0 und d aeng a920 McD aMCDONALD HAMISH aAMBANI AND SONS c2013aNew DelhibLotus Roli Books axi, : 396 : p. : cm. ; 21 cRSb25 c23644d23644 00104070aIMTNbIMTNcRack 42-Bd2014-11-05eVBCg395.00l2o920 McDp23644r2025-07-14 00:00:00s2025-07-02t1w2024-06-24yBK